<?xml version="1.0" encoding="UTF-8"?>
<record
    xmlns:xsi="http://www.w3.org/2001/XMLSchema-instance"
    xsi:schemaLocation="http://www.loc.gov/MARC21/slim http://www.loc.gov/standards/marcxml/schema/MARC21slim.xsd"
    xmlns="http://www.loc.gov/MARC21/slim">

  <leader>02565nam a2200337 a 4500</leader>
  <controlfield tag="001">ebr10231111</controlfield>
  <controlfield tag="003">CaPaEBR</controlfield>
  <controlfield tag="006">m        u        </controlfield>
  <controlfield tag="007">cr cn|||||||||</controlfield>
  <controlfield tag="008">730410s1958    mnu     s     011 0deng d</controlfield>
  <datafield tag="010" ind1=" " ind2=" ">
    <subfield code="z">   58059589 </subfield>
  </datafield>
  <datafield tag="020" ind1=" " ind2=" ">
    <subfield code="z">9780816604531</subfield>
  </datafield>
  <datafield tag="020" ind1=" " ind2=" ">
    <subfield code="z">9780816664115</subfield>
  </datafield>
  <datafield tag="040" ind1=" " ind2=" ">
    <subfield code="a">CaPaEBR</subfield>
    <subfield code="c">CaPaEBR</subfield>
  </datafield>
  <datafield tag="035" ind1=" " ind2=" ">
    <subfield code="a">(OCoLC)233162459</subfield>
  </datafield>
  <datafield tag="050" ind1="1" ind2="4">
    <subfield code="a">PR863</subfield>
    <subfield code="b">.R3 1958eb</subfield>
  </datafield>
  <datafield tag="082" ind1="0" ind2="4">
    <subfield code="a">823.804</subfield>
  </datafield>
  <datafield tag="245" ind1="0" ind2="0">
    <subfield code="a">From Jane Austen to Joseph Conrad</subfield>
    <subfield code="h">[electronic resource] :</subfield>
    <subfield code="b">essays collected in memory of James T. Hillhouse /</subfield>
    <subfield code="c">edited by Robert C. Rathburn and Martin Steinmann, Jr.</subfield>
  </datafield>
  <datafield tag="260" ind1=" " ind2=" ">
    <subfield code="a">Minneapolis :</subfield>
    <subfield code="b">University of Minnesota Press,</subfield>
    <subfield code="c">[1958]</subfield>
  </datafield>
  <datafield tag="300" ind1=" " ind2=" ">
    <subfield code="a">ix, 326 p.</subfield>
  </datafield>
  <datafield tag="500" ind1=" " ind2=" ">
    <subfield code="a">Includes index.</subfield>
  </datafield>
  <datafield tag="505" ind1="0" ind2=" ">
    <subfield code="a">James Theodore Hillhouse / T. Hornberger -- The makers of the British novel / R.C. Rathburn -- The background of Mansfield Park / C. Murrah -- Critical realism in Northanger Abbey / A.D. McKillop -- Scott's Redgauntlet / D. Daiches -- History on the Hustings : Bulwer-Lytton's historical novels of politics / C. Dahl -- Thackeray, a novelist by accident / J.Y.T. Greig -- A note on Dickens' humor / D. Bush -- Self-help and the helpless in Bleak House / G.H. Ford -- Form and substance in the Bront&#xFFFD;e novels / M.R. Watson -- Charlotte Bront&#xFFFD;es "New" Gothic / R.B. Heilman -- Elizabeth Cleghorn Gaskell / Y. Ffrench -- Trollope's Orley Farm : artistry Mangu&#xFFFD;e / B.A. Booth -- Anthony Trollope : the Palliser novels / A. Mizener -- George Eliot's originals / G.S. Haight -- Middlemarch, George Eliot's masterpiece / S.J. Ferris -- Charles Reade's Christie Johnstone : a portrait of the artist as a young pre-Raphaelite / W. Burns -- George Meredith's One of our conquerors / F. Gudas -- Hardy's major fiction / J. Holloway -- The spiritual theme of George Gissing's Born in exile / J. Korg -- Samuel Butler and Bloomsbury / W.V. O'Connor -- Apology for Marlow / W.Y. Tindall -- The old novel and the new / M. Steinmann, Jr.</subfield>
  </datafield>
  <datafield tag="533" ind1=" " ind2=" ">
    <subfield code="a">Electronic reproduction.</subfield>
    <subfield code="b">Palo Alto, Calif. :</subfield>
    <subfield code="c">ebrary,</subfield>
    <subfield code="d">2013.</subfield>
    <subfield code="n">Available via World Wide Web.</subfield>
    <subfield code="n">Access may be limited to ebrary affiliated libraries.</subfield>
  </datafield>
  <datafield tag="600" ind1="1" ind2="0">
    <subfield code="a">Hillhouse, James Theodore,</subfield>
    <subfield code="d">1890-1956.</subfield>
  </datafield>
  <datafield tag="650" ind1=" " ind2="0">
    <subfield code="a">English fiction</subfield>
    <subfield code="y">19th century</subfield>
    <subfield code="x">History and criticism.</subfield>
  </datafield>
  <datafield tag="655" ind1=" " ind2="7">
    <subfield code="a">Electronic books.</subfield>
    <subfield code="2">local</subfield>
  </datafield>
  <datafield tag="700" ind1="1" ind2=" ">
    <subfield code="a">Steinmann, Martin,</subfield>
    <subfield code="d">1915-1998.</subfield>
  </datafield>
  <datafield tag="700" ind1="1" ind2=" ">
    <subfield code="a">Rathburn, Robert Charles.</subfield>
  </datafield>
  <datafield tag="710" ind1="2" ind2=" ">
    <subfield code="a">ebrary, Inc.</subfield>
  </datafield>
  <datafield tag="856" ind1="4" ind2="0">
    <subfield code="u">http://site.ebrary.com/lib/rucke/Doc?id=10231111</subfield>
    <subfield code="z">An electronic book accessible through the World Wide Web; click to view</subfield>
  </datafield>
  <datafield tag="999" ind1=" " ind2=" ">
    <subfield code="c">39510</subfield>
    <subfield code="d">39510</subfield>
  </datafield>
</record>
